[Event "Mittelfrank Regionalliga Sud-Ost 2223"]
[Site "Mittelfranken"]
[Date "2023.03.05"]
[Round "7.2"]
[White "Thiel, Fabian"]
[Black "Lohr, Maximilian"]
[Result "1/2-1/2"]
[WhiteElo "2159"]
[BlackElo "2115"]
[PlyCount "55"]
[EventDate "2022.10.09"]
[EventType "team-tourn"]
[EventRounds "9"]
[EventCountry "GER"]
[SourceTitle "EXT 2024"]
[Source "ChessBase"]
[SourceDate "2023.10.10"]
[SourceVersion "1"]
[SourceVersionDate "2023.10.10"]
[SourceQuality "1"]
[WhiteTeam "Tegernsee"]
[BlackTeam "Ergolding"]
[WhiteTeamCountry "GER"]
[BlackTeamCountry "GER"]

1. Nf3 Nf6 2. g3 b5 3. Bg2 Bb7 4. d3 e6 5. e4 d5 6. exd5 Nxd5 7. 0-0 Be7 8. h4 c5 9. Ng5 Nc6 10. Nc3 Nxc3 11. bxc3 h6 12. Ne4 0-0 13. Qh5 f5 14. Nd2 a5 15. Re1 Qd7 16. Rb1 b4 17. Nc4 Ra6 18. Bxh6 Bf6 19. Bd2 Ne7 20. Bxb7 Qxb7 21. a3 Nd5 22. cxb4 axb4 23. axb4 cxb4 24. Qf3 Rb8 25. Kg2 Bd4 26. Re2 Nc3 27. Bxc3 Bxc3 28. Qxb7 1/2-1/2

[Event "Mittelfrank Regionalliga Sud-Ost 2223"]
[Site "Mittelfranken"]
[Date "2022.10.23"]
[Round "2.2"]
[White "Niedermeier, Thomas"]
[Black "Thiel, Fabian"]
[Result "0-1"]
[WhiteElo "2216"]
[BlackElo "2159"]
[PlyCount "54"]
[EventDate "2022.10.09"]
[EventType "team-tourn"]
[EventRounds "9"]
[EventCountry "GER"]
[SourceTitle "EXT 2024"]
[Source "ChessBase"]
[SourceDate "2023.10.10"]
[SourceVersion "1"]
[SourceVersionDate "2023.10.10"]
[SourceQuality "1"]
[WhiteTeam "Ilmmuenster"]
[BlackTeam "Tegernsee"]
[WhiteTeamCountry "GER"]
[BlackTeamCountry "GER"]

1. e4 e5 2. Bc4 Nf6 3. d3 c6 4. Nf3 d5 5. Bb3 a5 6. a4 Bb4+ 7. c3 Bd6 8. 0-0 0-0 9. Re1 dxe4 10. dxe4 Qe7 11. Bg5 Na6 12. Nbd2 Nc5 13. Bc2 Ne6 14. Bh4 Rd8 15. Bg3 Nh5 16. Bh4 f6 17. Nd4 Nxd4 18. cxd4 Nf4 19. Nf3 Bg4 20. h3 Bh5 21. Bb3+ Kh8 22. Re3 exd4 23. Qxd4 Bxf3 24. e5 Ne2+ 25. Rxe2 Bxe2 26. exf6 Qe5 27. fxg7+ Qxg7 0-1

[Event "Mittelfrank Regionalliga Sud-Ost 2122"]
[Site "Mittelfranken"]
[Date "2022.03.20"]
[Round "4.3"]
[White "Gruettner, Ralf"]
[Black "Thiel, Fabian"]
[Result "1/2-1/2"]
[WhiteElo "2059"]
[BlackElo "2143"]
[PlyCount "46"]
[EventDate "2021.10.24"]
[EventType "team-tourn"]
[EventRounds "9"]
[EventCountry "GER"]
[SourceTitle "EXT 2024"]
[Source "ChessBase"]
[SourceDate "2023.10.10"]
[SourceVersion "1"]
[SourceVersionDate "2023.10.10"]
[SourceQuality "1"]
[WhiteTeam "Freising"]
[BlackTeam "Tegernsee"]
[WhiteTeamCountry "GER"]
[BlackTeamCountry "GER"]

1. d4 Nf6 2. c4 e6 3. Nc3 d5 4. cxd5 exd5 5. Bg5 c6 6. Qc2 Be7 7. e3 Bg4 8. Bd3 Nbd7 9. h3 Bh5 10. Bf4 Bg6 11. Nf3 Rc8 12. 0-0 0-0 13. Bxg6 hxg6 14. Rab1 a5 15. Rfd1 Re8 16. Ne5 Bf8 17. Nxd7 Nxd7 18. Qb3 b5 19. Rbc1 g5 20. Bg3 Nf6 21. Be5 Nd7 22. Bh2 Nf6 23. Be5 Nd7 1/2-1/2

[Event "Mittelfrank Regionalliga Sud-Ost 2122"]
[Site "Mittelfranken"]
[Date "2021.11.14"]
[Round "2.3"]
[White "Seisenberger, Georg"]
[Black "Thiel, Fabian"]
[Result "1/2-1/2"]
[WhiteElo "1984"]
[BlackElo "2143"]
[PlyCount "40"]
[EventDate "2021.10.24"]
[EventType "team-tourn"]
[EventRounds "9"]
[EventCountry "GER"]
[SourceTitle "EXT 2024"]
[Source "ChessBase"]
[SourceDate "2023.10.10"]
[SourceVersion "1"]
[SourceVersionDate "2023.10.10"]
[SourceQuality "1"]
[WhiteTeam "Ilmmuenster"]
[BlackTeam "Tegernsee"]
[WhiteTeamCountry "GER"]
[BlackTeamCountry "GER"]

1. d4 Nf6 2. c4 c5 3. d5 e6 4. Nc3 exd5 5. cxd5 d6 6. e4 g6 7. Nge2 Bg7 8. Ng3 0-0 9. Be2 Na6 10. 0-0 Nc7 11. a4 Rb8 12. Be3 a6 13. a5 Nd7 14. Qd2 b5 15. axb6 Rxb6 16. Rab1 Rb4 17. Na2 Rb3 18. Bc4 Rb8 19. b4 Nb5 20. bxc5 dxc5 1/2-1/2

[Event "Bayern-chI Bank Hofmann 23rd"]
[Site "Tegernsee"]
[Date "2019.11.02"]
[Round "8"]
[White "Pieper, Thomas"]
[Black "Thiel, Fabian"]
[Result "1/2-1/2"]
[WhiteElo "2272"]
[BlackElo "2109"]
[PlyCount "59"]
[EventDate "2019.10.26"]
[EventType "swiss"]
[EventRounds "9"]
[EventCountry "GER"]
[SourceTitle "CBM 192 Extra"]
[Source "Chessbase"]
[SourceDate "2019.11.06"]
[SourceVersion "1"]
[SourceVersionDate "2019.11.06"]
[SourceQuality "1"]

1. e4 e5 2. Nf3 Nc6 3. d4 exd4 4. Nxd4 Nf6 5. Nxc6 bxc6 6. e5 Qe7 7. Qe2 Nd5 8. c4 Nb6 9. Nc3 Qe6 10. Qe4 d5 11. exd6 cxd6 12. Bd3 Ba6 13. Be3 Qxe4 14. Bxe4 Kd7 15. b3 Kc7 16. 0-0-0 Re8 17. Rhe1 g6 18. c5 Nc8 19. Bf4 f5 20. Bf3 Rxe1 21. Rxe1 Kd7 22. cxd6 Bxd6 23. Bxd6 Kxd6 24. Na4 Ne7 25. Nc5 Bc8 26. Kd2 g5 27. g3 g4 28. Bg2 h5 29. Nd3 Ng6 30. Rc1 1/2-1/2

[Event "Bayern-chI Bank Hofmann 23rd"]
[Site "Tegernsee"]
[Date "2019.10.29"]
[Round "4"]
[White "Thiel, Fabian"]
[Black "Ludvik, Tomas"]
[Result "1/2-1/2"]
[WhiteElo "2109"]
[BlackElo "2305"]
[PlyCount "31"]
[EventDate "2019.10.26"]
[EventType "swiss"]
[EventRounds "9"]
[EventCountry "GER"]
[SourceTitle "CBM 192 Extra"]
[Source "Chessbase"]
[SourceDate "2019.11.06"]
[SourceVersion "1"]
[SourceVersionDate "2019.11.06"]
[SourceQuality "1"]

1. Nf3 Nf6 2. g3 d5 3. Bg2 e6 4. 0-0 Be7 5. c4 0-0 6. d3 c5 7. cxd5 exd5 8. Nc3 Nc6 9. e4 d4 10. Ne2 Qb6 11. Nf4 Re8 12. Re1 Bf8 13. e5 Ng4 14. e6 fxe6 15. Ng5 Nf6 16. Ngxe6 1/2-1/2

[Event "Regionalliga Sued-Ost 1819"]
[Site "Bayern"]
[Date "2019.02.03"]
[Round "6.3"]
[White "Schims, Mike"]
[Black "Thiel, Fabian"]
[Result "0-1"]
[WhiteElo "2088"]
[BlackElo "2101"]
[PlyCount "50"]
[EventDate "2018.10.21"]
[EventType "team-tourn"]
[EventRounds "9"]
[EventCountry "GER"]
[SourceTitle "EXT 2022"]
[Source "ChessBase"]
[SourceDate "2021.10.06"]
[SourceVersion "1"]
[SourceVersionDate "2021.10.06"]
[SourceQuality "1"]
[WhiteTeam "Ingolstadt"]
[BlackTeam "Tegernsee TV"]
[WhiteTeamCountry "GER"]
[BlackTeamCountry "GER"]

1. d4 Nf6 2. c4 g6 3. Nc3 d5 4. Nf3 Bg7 5. cxd5 Nxd5 6. e4 Nxc3 7. bxc3 c5 8. Be3 Qa5 9. Qd2 cxd4 10. cxd4 Qxd2+ 11. Kxd2 0-0 12. Bc4 Rd8 13. Rab1 Nc6 14. d5 e6 15. a4 Na5 16. Ba2 exd5 17. exd5 b6 18. Rhc1 Bf5 19. Rb4 Rac8 20. Nd4 Bf8 21. Rb5 Rxc1 22. Kxc1 Bd7 23. Rb1 Bxa4 24. Nb5 Rc8+ 25. Kb2 Bxb5 0-1

[Event "Bayern-chI Bank Hofmann 22nd"]
[Site "Tegernsee"]
[Date "2018.10.27"]
[Round "1"]
[White "Thiel, Fabian"]
[Black "Caspi, Israel"]
[Result "1/2-1/2"]
[WhiteElo "2101"]
[BlackElo "2471"]
[PlyCount "79"]
[EventDate "2018.10.27"]
[EventType "swiss"]
[EventRounds "9"]
[EventCountry "GER"]
[SourceTitle "CBM 187 Extra"]
[Source "ChessBase"]
[SourceDate "2018.11.04"]
[SourceVersion "1"]
[SourceVersionDate "2018.11.04"]
[SourceQuality "1"]

1. e4 d5 2. Nc3 dxe4 3. Nxe4 Qd5 4. Qf3 Nc6 5. Nc3 Qe6+ 6. Qe2 Qd6 7. Nb5 Qd8 8. Qd3 Bd7 9. Qg3 e5 10. Nf3 f6 11. d4 a6 12. Nc3 Nb4 13. Bd3 Nxd3+ 14. cxd3 exd4 15. Nd5 Kf7 16. 0-0 Ne7 17. Nxe7 Bxe7 18. Qh4 c5 19. Re1 Bf5 20. Qf4 g6 21. b4 b6 22. Ba3 Bd6 23. Qc1 Qd7 24. Qc4+ Be6 25. Qc2 Rac8 26. bxc5 bxc5 27. Rab1 Bd5 28. Nd2 Rhe8 29. Nc4 Rxe1+ 30. Rxe1 Bc7 31. Bxc5 Qg4 32. f3 Bxh2+ 33. Kf1 Bxf3 34. Bd6 Bxg2+ 35. Qxg2 Qxg2+ 36. Kxg2 Rxc4 37. Re7+ Kg8 38. dxc4 Bxd6 39. Rd7 Be5 40. c5 1/2-1/2

[Event "Munich OIS op 37th"]
[Site "Munich"]
[Date "2017.10.04"]
[Round "5"]
[White "Holtel, Jasper"]
[Black "Thiel, Fabian"]
[Result "1/2-1/2"]
[WhiteElo "2191"]
[BlackElo "2088"]
[PlyCount "55"]
[EventDate "2017.09.30"]
[EventType "swiss"]
[EventRounds "9"]
[EventCountry "GER"]
[SourceTitle "CBM 181 Extra"]
[Source "ChessBase"]
[SourceDate "2017.12.12"]
[SourceVersion "1"]
[SourceVersionDate "2017.12.12"]
[SourceQuality "1"]

1. e4 e5 2. Nf3 Nc6 3. Bc4 Nf6 4. d3 Be7 5. 0-0 0-0 6. Re1 d6 7. a4 Na5 8. Ba2 c5 9. c3 Nc6 10. Na3 a6 11. Bd2 Rb8 12. Nc4 Be6 13. b4 b5 14. axb5 axb5 15. Na5 Nxa5 16. Bxe6 cxb4 17. cxb4 Nc6 18. Bb3 d5 19. exd5 Nxd5 20. Nxe5 Nxe5 21. Rxe5 Nxb4 22. Qf3 Bf6 23. Bxb4 Qd4 24. Rb1 Qxe5 25. Bxf8 Rxf8 26. g3 g6 27. Qb7 Qf5 28. Qd5 1/2-1/2

[Event "Bayern-chI Bank Hofmann 20th"]
[Site "Bad Wiessee"]
[Date "2016.11.04"]
[Round "7"]
[White "Thiel, Fabian"]
[Black "Pieper, Thomas"]
[Result "0-1"]
[WhiteElo "2082"]
[BlackElo "2205"]
[PlyCount "86"]
[EventDate "2016.10.29"]
[EventType "swiss"]
[EventRounds "9"]
[EventCountry "GER"]
[SourceTitle "EXT 2018"]
[Source "ChessBase"]
[SourceDate "2017.10.13"]
[SourceVersion "1"]
[SourceVersionDate "2017.10.13"]
[SourceQuality "1"]

1. c4 Nf6 2. g3 g6 3. Bg2 Bg7 4. Nc3 0-0 5. d3 c5 6. a3 Nc6 7. Rb1 a5 8. e4 d6 9. Nge2 Ne8 10. 0-0 Nc7 11. Bd2 Bd7 12. Nd5 Ne6 13. Bc3 Ned4 14. Nxd4 Nxd4 15. Nf4 a4 16. Ne2 Bg4 17. f3 Bd7 18. Nxd4 Bxd4+ 19. Bxd4 cxd4 20. f4 Qa5 21. Qe2 e5 22. f5 b5 23. Bh3 bxc4 24. dxc4 Ra7 25. Qd1 f6 26. Bg2 Rb7 27. b4 axb3 28. Rxb3 Ba4 29. Rxb7 Bxd1 30. Rxd1 Qxa3 31. Rc7 Qa5 32. Rd7 Qa2 33. fxg6 hxg6 34. Bh3 Qb2 35. Be6+ Kh8 36. Bd5 d3 37. Rb7 Qd4+ 38. Kg2 f5 39. Rf1 f4 40. Rbb1 d2 41. Rbd1 Kg7 42. Rb1 Qe3 43. g4 Qe2+ 0-1

[Event "Bayern-chI Bank Hofmann 20th"]
[Site "Bad Wiessee"]
[Date "2016.11.03"]
[Round "6"]
[White "Hedke, Fred"]
[Black "Thiel, Fabian"]
[Result "1/2-1/2"]
[WhiteElo "2266"]
[BlackElo "2082"]
[PlyCount "57"]
[EventDate "2016.10.29"]
[EventType "swiss"]
[EventRounds "9"]
[EventCountry "GER"]
[SourceTitle "CBM 175 Extra"]
[Source "ChessBase"]
[SourceDate "2016.12.12"]
[SourceVersion "1"]
[SourceVersionDate "2016.12.12"]
[SourceQuality "1"]

1. e4 e5 2. Nf3 Nc6 3. d4 exd4 4. Bc4 Nf6 5. e5 d5 6. Bb5 Ne4 7. Nxd4 Bd7 8. Nxc6 Bxc6 9. Bxc6+ bxc6 10. Be3 Qe7 11. Qd4 Qb4+ 12. Qxb4 Bxb4+ 13. Ke2 Bc5 14. f3 Bxe3 15. Kxe3 Nc5 16. Re1 Rb8 17. b3 Ke7 18. Nd2 Ne6 19. g3 c5 20. f4 Rhd8 21. Nf3 Rb4 22. Nd2 a5 23. Rac1 g6 24. a3 Rb7 25. g4 Nd4 26. Nf3 Nxf3 27. Kxf3 Ra8 28. a4 Rb4 29. Re3 1/2-1/2